[Event "Fisher Memorial"]
[Site "SchemingMind.com"]
[Date "2008.02.01"]
[Round "-"]
[White "smothered mate"]
[Black "z"]
[Result "1-0"]
[WhiteCountry "POL"]
[BlackCountry "IRQ"]
[WhiteElo "1947"]
[WhiteRD "57"]
[BlackElo "1832"]
[BlackRD "55"]
[GameID "139775"]

1. e4 a6 2. d4 b5 3. a4 b4 4. c3 e6 5. Nf3 a5 6. Bd3 h6 7. O-O c5 8. Be3 Qc7 9. Nbd2 Nf6 10. cxb4 cxb4
11. Rc1 Qb7 12. Qc2 Be7 13. Qxc8+ Qxc8 14. Rxc8+ Bd8 15. Bf4
1-0

[Event "Fisher Memorial"]
[Site "SchemingMind.com"]
[Date "2008.02.01"]
[Round "-"]
[White "z"]
[Black "smothered mate"]
[Result "1-0"]
[WhiteCountry "IRQ"]
[BlackCountry "POL"]
[WhiteElo "1832"]
[WhiteRD "55"]
[BlackElo "1947"]
[BlackRD "57"]
[GameID "139776"]

1. b4 c6 2. Bb2 a5 3. bxa5 Qxa5 4. e3 Nf6 5. Bxf6 exf6 6. Nf3 Na6 7. Be2 Nb4 8. O-O d6 9. c3 Nd5 10. Qc2 Be7
11. d4 Nc7 12. Nbd2 Qf5 13. Bd3 Qe6 14. Rfe1 h6 15. c4 O-O 16. Nh4 Qg4 17. Nf5 Re8 18. f3 Qg5 19. h4 Bxf5 20. hxg5 Bxd3
21. Qxd3 fxg5 22. Reb1 b5 23. a4 bxa4 24. Ne4 d5 25. Nc3 a3 26. c5 Ra5 27. Rb6 Rea8 28. Rxc6 Na6 29. Nxd5 Bf8 30. Qc3 Nb8
31. Rc8 f5 32. Rxb8
1-0

[Event "Fisher Memorial"]
[Site "SchemingMind.com"]
[Date "2008.02.01"]
[Round "-"]
[White "jtrochez1"]
[Black "z"]
[Result "0-1"]
[WhiteCountry "HON"]
[BlackCountry "IRQ"]
[WhiteElo "1579"]
[WhiteRD "50"]
[BlackElo "1821"]
[BlackRD "56"]
[GameID "139866"]

1. e4 e6 2. d4 d5 3. exd5 exd5 4. Nf3 Bg4 5. Be2 Nc6 6. c3 Bd6 7. Be3 Nce7 8. Nbd2 Ng6 9. O-O Qe7 10. Re1 O-O-O
11. a3 h6 12. Qa4 Kb8 13. b4 f5 14. Nf1 Nf6 15. N1d2 f4 16. c4 fxe3 17. Nf1 exf2+ 18. Kxf2 Ne4+ 19. Kg1 Nc3 20. Qc2 Nxe2+
21. Rxe2 Qf6 22. Rf2 Bxf3 23. Rxf3 Qxd4+ 24. Kh1 Qxa1 25. Qxg6 dxc4 26. Kg1 Rhf8 27. Qh5 c3 28. Qg6 Qd1 29. Qxg7 c2
0-1

[Event "Fisher Memorial"]
[Site "SchemingMind.com"]
[Date "2008.02.01"]
[Round "-"]
[White "jtrochez1"]
[Black "smothered mate"]
[Result "0-1"]
[WhiteCountry "HON"]
[BlackCountry "POL"]
[WhiteElo "1548"]
[WhiteRD "57"]
[BlackElo "1913"]
[BlackRD "52"]
[GameID "139867"]

1. e4 e6 2. d4 d5 3. exd5 exd5 4. Nf3 c6 5. Be3 Bd6 6. c4 Nf6 7. h3 O-O 8. Nc3 dxc4 9. Bxc4 b5 10. Bb3 b4
11. Ne2 a5 12. Nd2 Nd5 13. Bxd5 cxd5 14. Nf3 Re8 15. b3 Ba6 16. O-O Nc6 17. Re1 Ne7 18. Bg5 Qd7 19. Bf4 Bxe2 20. Rxe2 Bxf4
21. Ne5 Bxe5 22. Rxe5 Nc6 23. Rxe8+ Rxe8 24. f3 Qa7 25. Kh1 Qxd4 26. Rc1 h6 27. Qxd4 Nxd4 28. Rc5 a4 29. bxa4 Ra8 30. Rxd5 Ne6
31. g3 Rxa4 32. Rd2 Ng5 33. Kg2 Ra5 34. h4 Ne6 35. Rb2 Rb5 36. f4 Nc5 37. Kf3 f5 38. g4 Nd3 39. Rb3 Nc5 40. Rb2 g6
41. g5 h5 42. Ke3 Na4 43. Rb3 Nc3 44. a3 Nd5+ 45. Kf3 Kf7 46. Kg3 Rc5 47. axb4 Rc3+ 48. Rxc3 Nxc3 49. Kf3 Ke6 50. Ke3 Kd5
51. Kd3 Nb5 52. Kc2 Kc4 53. Kd2 Kxb4 54. Ke3 Kc3 55. Kf3 Kd3 56. Kg3 Ke3 57. Kh3 Kxf4
0-1

[Event "Fisher Memorial"]
[Site "SchemingMind.com"]
[Date "2008.02.02"]
[Round "-"]
[White "z"]
[Black "jtrochez1"]
[Result "0-1"]
[WhiteCountry "IRQ"]
[BlackCountry "HON"]
[WhiteElo "1821"]
[WhiteRD "56"]
[BlackElo "1579"]
[BlackRD "50"]
[GameID "139868"]

1. e4 e5 2. Nf3 Nc6 3. Bb5 d6 4. d4 Bd7 5. O-O a6 6. Bxc6 Bxc6 7. d5 Bd7 8. Ne1 Bb5 9. Nd3 Nf6 10. f3 Be7
11. Be3 Qd7 12. b3 Bxd3 13. Qxd3 h6 14. c4 b6 15. Nc3 Qc8 16. b4 Nd7 17. Na4 O-O 18. Rfc1 Qd8 19. c5 b5 20. Nb2 Rc8
21. a4 Bg5 22. axb5 axb5 23. Nd1 Bxe3+ 24. Nxe3 Qg5 25. cxd6 cxd6 26. Nf5 Rxc1+ 27. Rxc1 Qxc1+ 28. Kf2 Qb2+ 29. Ke3 Qxb4 30. Ne7+ Kh8
31. Nc6 Qc5+ 32. Kd2 Qf2+ 33. Kc3 Qxg2 34. Kb4 Qb2+ 35. Qb3 Qxh2 36. Kxb5 Rc8 37. Ka6 Nc5+
0-1

[Event "Fisher Memorial"]
[Site "SchemingMind.com"]
[Date "2008.02.02"]
[Round "-"]
[White "smothered mate"]
[Black "jtrochez1"]
[Result "1-0"]
[WhiteCountry "POL"]
[BlackCountry "HON"]
[WhiteElo "1947"]
[WhiteRD "57"]
[BlackElo "1556"]
[BlackRD "53"]
[GameID "139869"]

1. e4 e5 2. Nf3 Nc6 3. Nc3 Nf6 4. Nxe5 d6 5. Nxc6 bxc6 6. Bc4 Be6 7. Bxe6 fxe6 8. d3 Be7 9. O-O O-O 10. f4 Nd7
11. f5 exf5 12. exf5 Bf6 13. Ne4 c5 14. Nxf6+ Nxf6 15. Bg5 Qd7 16. Qf3 a5 17. Rae1 a4 18. a3 Rae8 19. Qf4 Nd5 20. Qc4 Qc6
21. Rxe8 Rxe8 22. f6 gxf6 23. Rxf6 Kg7 24. Rf5 Nb6 25. Qh4 Kg8 26. Bf6
1-0

[Event "Fisher Memorial"]
[Site "SchemingMind.com"]
[Date "2008.02.02"]
[Round "-"]
[White "Schaakmaatje"]
[Black "jtrochez1"]
[Result "1-0"]
[WhiteCountry "NED"]
[BlackCountry "HON"]
[WhiteElo "1760"]
[WhiteRD "46"]
[BlackElo "1455"]
[BlackRD "54"]
[GameID "140063"]

1. e4 e5 2. d4 exd4 3. Qxd4 Nc6 4. Qd1 d6 5. f4 Bd7 6. Nf3 Bg4 7. Be2 Bxf3 8. Bxf3 Nge7 9. O-O Ng6 10. c3 Be7
11. Be3 O-O 12. Nd2 Qe8 13. Qc2 a6 14. a4 Rb8 15. Rad1 Bf6 16. Nb3 Nd8 17. Nd4 Nc6 18. Kh1 Nce7 19. g4 Bxd4 20. cxd4 c6
21. e5 dxe5 22. dxe5 Qc8 23. Bc5 Re8 24. Bd6 Ra8 25. f5 Nh4 26. Be4 Kh8 27. Qf2 Nhxf5 28. gxf5 Ng8 29. Qh4 f6 30. e6 Ne7
31. Rg1 b5 32. Rg3 Ra7 33. Rh3 h6 34. Bc5 Ra8 35. Rd7 Ng8 36. Qg3 Re7 37. Bxe7 Nxe7 38. Rxe7 Qf8 39. Rf7 Qg8 40. Qg6 Qh7
41. e7
1-0

[Event "Fisher Memorial"]
[Site "SchemingMind.com"]
[Date "2008.02.03"]
[Round "-"]
[White "Schaakmaatje"]
[Black "z"]
[Result "0-1"]
[WhiteCountry "NED"]
[BlackCountry "IRQ"]
[WhiteElo "1755"]
[WhiteRD "46"]
[BlackElo "1821"]
[BlackRD "56"]
[GameID "140064"]

1. e4 e6 2. d4 d5 3. Nc3 dxe4 4. Nxe4 Bd7 5. Bd3 Bc6 6. c3 Nf6 7. Bg5 Nbd7 8. f3 Be7 9. Qc2 O-O 10. Nh3 h6
11. Be3 e5 12. Nhf2 Nd5 13. Bd2 exd4 14. cxd4 Nb4 15. Bxb4 Bxb4+ 16. Nc3 Re8+ 17. Be2 Qe7 18. Kf1 Nb6 19. a3 Bxc3 20. bxc3 Rad8
21. Bd3 Nd5 22. Qd2 Qe3 23. Qxe3 Rxe3 24. c4 Nf4 25. d5 Ba4 26. Re1 Rde8
0-1

[Event "Fisher Memorial"]
[Site "SchemingMind.com"]
[Date "2008.02.03"]
[Round "-"]
[White "Schaakmaatje"]
[Black "smothered mate"]
[Result "1/2-1/2"]
[WhiteCountry "NED"]
[BlackCountry "POL"]
[WhiteElo "1755"]
[WhiteRD "46"]
[BlackElo "1964"]
[BlackRD "53"]
[GameID "140065"]

1. d4 d5 2. Bf4 Nf6 3. e3 e6 4. Bd3 c5 5. c3 Nc6 6. Bg3 Be7 7. h3 O-O 8. f4 cxd4 9. exd4 Ne4 10. Bxe4 dxe4
11. Nd2 e3 12. Nc4 Bh4 13. Qf3 Qd5 14. Bxh4 Qxc4 15. Qxe3 b6 16. Nf3 Ba6 17. Nd2 Qd5 18. Qe4 Qh5 19. Nf3 Rac8 20. g4 Qb5
21. Ng5 f5 22. Qxe6+ Kh8 23. O-O-O Nb4 24. Kb1 Nd3 25. Qb3 Qd7 26. Qe6 Qb5 27. Qb3 Qd7= 28. Qe6 Qb5=
1/2-1/2

[Event "Fisher Memorial"]
[Site "SchemingMind.com"]
[Date "2008.02.02"]
[Round "-"]
[White "jtrochez1"]
[Black "Schaakmaatje"]
[Result "0-1"]
[WhiteCountry "HON"]
[BlackCountry "NED"]
[WhiteElo "1455"]
[WhiteRD "54"]
[BlackElo "1760"]
[BlackRD "46"]
[GameID "140066"]

1. e4 c5 2. Bc4 e6 3. Nf3 d5 4. Bb5+ Bd7 5. Bxd7+ Nxd7 6. exd5 exd5 7. O-O Bd6 8. d4 Ne7 9. Be3 O-O 10. c3 c4
11. Nbd2 Nf5 12. Bg5 f6 13. Bh4 Qc7 14. Bg3 Nxg3 15. fxg3 Rae8 16. Re1 Qb6 17. Qc2 Ne5 18. Nxe5 fxe5 19. Kh1 e4 20. Nf1 Rf7
21. Ne3 Qc6 22. Rf1 Ref8 23. Rxf7 Rxf7 24. Rf1 Rxf1+ 25. Nxf1 Be7 26. h4 Qh6 27. Qa4 Kf7 28. Qd1 b5 29. Nh2 Bd6 30. Ng4 Qg6
31. Qf1+ Ke6 32. Ne5 Bxe5 33. dxe5 Qf5 34. Kg1 Qxf1+ 35. Kxf1 Kxe5 36. Ke2 d4 37. cxd4+ Kxd4 38. g4 g6 39. g3 b4 40. g5 a5
41. g4 c3 42. bxc3+ bxc3 43. Kd1 Kd3 44. h5 e3 45. a4 e2+
0-1

[Event "Fisher Memorial"]
[Site "SchemingMind.com"]
[Date "2008.02.02"]
[Round "-"]
[White "z"]
[Black "Schaakmaatje"]
[Result "1-0"]
[WhiteCountry "IRQ"]
[BlackCountry "NED"]
[WhiteElo "1821"]
[WhiteRD "56"]
[BlackElo "1755"]
[BlackRD "46"]
[GameID "140067"]

1. f4 e5 2. fxe5 d6 3. exd6 Bxd6 4. Nf3 Bf5 5. Nc3 Nf6 6. d3 O-O 7. e4 Bg4 8. Be3 c6 9. Qd2 Qc7 10. O-O-O Nbd7
11. Be2 a5 12. d4 Bb4 13. Qd3 Rad8 14. h3 Bxf3 15. Bxf3 Nc5 16. Qc4 Bxc3 17. e5 Nd5 18. Bxd5 Rxd5 19. Qxc3 Ne4 20. Qd3 Nc5
21. Qe2 Ne6 22. Rhf1 Qb6 23. Qg4 c5 24. dxc5 Rxd1+ 25. Rxd1 Nxc5 26. Qd4 Rc8 27. Kb1 h6 28. Qd6 Qb5 29. Bxc5 Rxc5 30. e6 fxe6
31. Qxe6+ Kh7 32. Qe4+ Rf5 33. g4
1-0

[Event "Fisher Memorial"]
[Site "SchemingMind.com"]
[Date "2008.02.07"]
[Round "-"]
[White "smothered mate"]
[Black "Schaakmaatje"]
[Result "0-1"]
[WhiteCountry "POL"]
[BlackCountry "NED"]
[WhiteElo "1913"]
[WhiteRD "52"]
[BlackElo "1743"]
[BlackRD "46"]
[GameID "140068"]

1. e4 e6 2. c4 c5 3. Nc3 d6 4. Nf3 Bd7 5. Be2 Be7 6. O-O Nc6 7. d4 cxd4 8. Nxd4 Nf6 9. Kh1 O-O 10. f4 e5
11. Ndb5 Be8 12. f5 a6 13. Na3 Nd4 14. g4 Bc6 15. Bf3 h6 16. Bg2 Nh7 17. Be3 Bf6 18. Nd5 Bxd5 19. cxd5 Rc8 20. Rc1 Rxc1
21. Qxc1 Bg5 22. Nc4 Ne2 23. Qd2 Nf4 24. Bb6 Qd7 25. Qb4 Be7 26. Be3 Nxg2 27. Kxg2 Ng5 28. Nb6 Qb5 29. Qxb5 axb5 30. Bxg5 Bxg5
31. Rf3 Bd8 32. Nd7 Re8 33. Rb3 Re7 34. Nb8 Bc7 35. Rc3 Kh7 36. Nc6 bxc6 37. Rxc6 f6 38. Kf2 g6 39. Ke2 gxf5 40. gxf5 h5
41. Kd3 Rd7 42. Kc3 Ba5+ 43. Kb3 Kh6 44. Ra6 Bd2 45. Rb6 Kg5 46. Kc2 Be3 47. Rxb5 Kf4 48. Kd3 Ra7 49. a3 Ra4 50. Rb4 Ra5
51. Rc4 Bc5 52. Kc2 Ra6 53. a4 Kg4 54. Kd3 Rb6 55. Rc2 Rb3+ 56. Kd2 Kf3 57. Rc3+ Rxc3 58. Kxc3 Kxe4 59. b4 Kxd5 60. bxc5 Kxc5
61. h4 d5
0-1

[Event "Fisher Memorial"]
[Site "SchemingMind.com"]
[Date "2008.02.05"]
[Round "-"]
[White "Francisco Aquino"]
[Black "jtrochez1"]
[Result "1-0"]
[WhiteCountry "BRA"]
[BlackCountry "HON"]
[WhiteElo "1738"]
[WhiteRD "72"]
[BlackElo "1548"]
[BlackRD "57"]
[GameID "140180"]

1. e4 e5 2. Nf3 d6 3. Bc4 Nf6 4. Nc3 Bg4 5. O-O a6 6. d3 Be7 7. Be3 Nc6 8. Re1 O-O 9. Nd5 Na5 10. Nxe7+ Qxe7
11. h3 Nxc4 12. dxc4 Be6 13. Bg5 Bxc4 14. b3 Be6 15. c4 c5 16. Qd3 Kh8 17. Rad1 Rad8 18. Rd2 Qc7 19. Red1 Rd7 20. Bxf6 gxf6
21. Qc3 Rg8 22. Nh4 Qc6 23. Qe3 b6 24. Qh6 Qxe4 25. Qxf6+ Rg7 26. f3 Qe3+ 27. Kf1 Kg8 28. Rxd6 Rxd6 29. Qd8+
1-0

[Event "Fisher Memorial"]
[Site "SchemingMind.com"]
[Date "2008.02.03"]
[Round "-"]
[White "Francisco Aquino"]
[Black "z"]
[Result "0-1"]
[WhiteCountry "BRA"]
[BlackCountry "IRQ"]
[WhiteElo "1717"]
[WhiteRD "75"]
[BlackElo "1821"]
[BlackRD "56"]
[GameID "140181"]

1. e4 e6 2. d4 d5 3. exd5 exd5 4. Nf3 Bg4 5. Nc3 Bb4 6. Bb5+ c6 7. Be2 Nd7 8. O-O Ne7 9. Bg5 f6 10. Bd2 Qc7
11. Re1 O-O 12. a3 Bd6 13. h3 Be6 14. Rc1 Ng6 15. Bd3 Rae8 16. Bxg6 hxg6 17. Nh4 Bf7 18. Qg4 Kh7 19. Re2 Rxe2 20. Nxe2 Re8
21. Ng3 Bxg3 22. fxg3 Nb6 23. Nf3 Nc4 24. Qh4+ Kg8 25. Bc3 Nd6 26. Qf4 Qd7 27. Bb4 Ne4 28. g4 g5 29. Qh2 Bg6 30. Be1 Nd6
31. Bg3 Nc4 32. b3 Nxa3 33. c3 Re2 34. Ra1 Nb5 35. c4 dxc4 36. bxc4 Nxd4 37. Bf2 Rxf2 38. Kxf2 Nxf3 39. Kxf3 Qd3+ 40. Kf2 Qd4+
0-1

[Event "Fisher Memorial"]
[Site "SchemingMind.com"]
[Date "2008.02.03"]
[Round "-"]
[White "Francisco Aquino"]
[Black "smothered mate"]
[Result "0-1"]
[WhiteCountry "BRA"]
[BlackCountry "POL"]
[WhiteElo "1717"]
[WhiteRD "75"]
[BlackElo "1964"]
[BlackRD "53"]
[GameID "140182"]

1. e4 c5 2. Nf3 d6 3. Bb5+ Bd7 4. Bxd7+ Nxd7 5. O-O g6 6. Nc3 Bg7 7. d4 cxd4 8. Nxd4 Ngf6 9. Bg5 Qb6 10. Nb3 h6
11. Be3 Qd8 12. Re1 O-O 13. Qd2 Kh7 14. Rad1 a5 15. a4 Ng4 16. h3 Nxe3 17. Rxe3 Ne5 18. f4 Nc4 19. Qe2 Nxe3 20. Qxe3 Ra6
21. Nc5 Qb6 22. Nd5 Qxc5 23. Qxc5 dxc5 24. Nxe7 Bd4+ 25. Kf1 Re6 26. Nd5 Rxe4 27. c3 Bg7 28. Nc7 Rxf4+ 29. Kg1 Rc8 30. Nd5 Rd8
31. Nxf4 Rxd1+
0-1

[Event "Fisher Memorial"]
[Site "SchemingMind.com"]
[Date "2008.02.08"]
[Round "-"]
[White "Francisco Aquino"]
[Black "Schaakmaatje"]
[Result "1/2-1/2"]
[WhiteCountry "BRA"]
[BlackCountry "NED"]
[WhiteElo "1727"]
[WhiteRD "75"]
[BlackElo "1739"]
[BlackRD "49"]
[GameID "140183"]

1. e4 e5 2. Nf3 Nc6 3. Bb5 Bc5 4. Bxc6 dxc6 5. O-O Bg4 6. Nc3 Nf6 7. d3 O-O 8. Bg5 Qd6 9. h3 Bh5 10. Re1 h6
11. Bh4 Nh7 12. a3 Ng5 13. Bxg5 hxg5 14. Na4 Bb6 15. Nxb6 axb6 16. g4 Bg6 17. Nxg5 f6 18. Nf3 c5 19. Nh4 Bh7 20. Qf3 Qd4
21. c3 Qd7 22. Rad1 Qb5 23. Re2 Qb3 24. Rde1 b5 25. Nf5 Rad8 26. Ne7+ Kh8 27. Qe3 c4 28. dxc4 Qxc4 29. Nd5 Qxe4 30. Qxe4 Bxe4
31. Nxc7 Bd3 32. Rd2 Bc4 33. Red1 Rxd2 34. Rxd2 Rf7 35. Na8 Kh7 36. Nb6=
1/2-1/2

[Event "Fisher Memorial"]
[Site "SchemingMind.com"]
[Date "2008.02.06"]
[Round "-"]
[White "jtrochez1"]
[Black "Francisco Aquino"]
[Result "0-1"]
[WhiteCountry "HON"]
[BlackCountry "BRA"]
[WhiteElo "1455"]
[WhiteRD "54"]
[BlackElo "1692"]
[BlackRD "67"]
[GameID "140184"]

1. e4 e5 2. Nf3 Nc6 3. Bb5 Nf6 4. d3 Be7 5. Bxc6 dxc6 6. Nxe5 O-O 7. Nc3 Re8 8. h3 Bb4 9. Bd2 Rxe5 10. Qe2 Bxc3
11. Bxc3 Re8 12. g4 b6 13. O-O-O Bb7 14. Rhg1 c5 15. f3 Nd5 16. Bd2 Qf6 17. Qf1 Nf4 18. Kb1 h6 19. Bc3 Qh4 20. Rh1 Rad8
21. Be1 Qe7 22. h4 Ba6 23. h5 c4 24. Bh4 f6 25. d4 Qb4 26. Be1 c3 27. Bxc3 Qxc3 28. bxc3 Bxf1 29. Rhxf1 Ne2 30. Rd3 Nf4
31. Rd2 c5 32. d5 Ne6 33. Kc1 Nc7 34. c4 Na6 35. a3 Nc7 36. Rd3 a6 37. a4 b5 38. cxb5 axb5 39. axb5 Nxb5 40. c4 Nd4
41. Kd2 Ra8 42. Ke3 Nc2+ 43. Kf4 Ra3 44. Rxa3 Nxa3 45. Kf5 Nxc4 46. Rc1 Nd6+ 47. Kf4 c4 48. Rc3 Kf7 49. Ke3 Rb8 50. f4 Rb3
51. Rxb3 cxb3 52. Kd2 Nxe4+ 53. Kc1 Nf2
0-1

[Event "Fisher Memorial"]
[Site "SchemingMind.com"]
[Date "2008.02.04"]
[Round "-"]
[White "z"]
[Black "Francisco Aquino"]
[Result "1-0"]
[WhiteCountry "IRQ"]
[BlackCountry "BRA"]
[WhiteElo "1821"]
[WhiteRD "56"]
[BlackElo "1717"]
[BlackRD "75"]
[GameID "140185"]

1. c4 e5 2. Nc3 Nf6 3. d3 Bb4 4. Bd2 O-O 5. a3 Bxc3 6. Bxc3 d6 7. g3 Nc6 8. Bg2 Bd7 9. Nf3 Re8 10. e4 Bg4
11. h3 Bxf3 12. Bxf3 Ne7 13. O-O Ng6 14. Bg2 c6 15. Qc2 Rc8 16. d4 exd4 17. Bxd4 c5 18. Be3 Qe7 19. Bg5 Qe5 20. Bxf6 Qxf6
21. Rad1 b6 22. f4 Nf8 23. Kh2 Ne6 24. Qa4 Qe7 25. Rfe1 Nd4 26. e5 dxe5 27. Rxe5 Qd8 28. Rde1 Rxe5 29. Rxe5 a5 30. b4 axb4
31. axb4 Ne6 32. b5 Qd2 33. Rd5 Nd4 34. Qa3 g6 35. Re5 Ne6= 36. h4 h5 37. Kh3 Qd7 38. f5 Nd4 39. Rd5 Qe7 40. fxg6 fxg6
41. Qc1 Rf8 42. Qh6 Qe6+ 43. Kh2 Ne2 44. Rg5 Rf6 45. Bd5 Rf2+ 46. Kh1 Rf1+ 47. Kg2
1-0

[Event "Fisher Memorial"]
[Site "SchemingMind.com"]
[Date "2008.02.04"]
[Round "-"]
[White "smothered mate"]
[Black "Francisco Aquino"]
[Result "1/2-1/2"]
[WhiteCountry "POL"]
[BlackCountry "BRA"]
[WhiteElo "1938"]
[WhiteRD "52"]
[BlackElo "1727"]
[BlackRD "75"]
[GameID "140186"]

1. e4 e5 2. Nf3 Nc6 3. Nc3 Nf6 4. Nxe5 Nxe5 5. f4 Ng6 6. f5 Ne5 7. d4 Nc6 8. e5 Ng8 9. Bc4 Qh4+ 10. g3 Qxd4
11. Bxf7+ Kxf7 12. Qh5+ Ke7 13. Bg5+ Nf6 14. exf6+ gxf6 15. Bf4 d6 16. Rd1 Qc5 17. Nd5+ Kd8 18. Qf7 Be7 19. b4 Qc4 20. g4 Qe4+
21. Kf2 Rf8 22. Qxh7 Qxc2+ 23. Rd2 Qc4 24. Re1 Re8 25. g5 Ne5 26. Bxe5 fxe5 27. Rxe5 dxe5 28. Nb6+ Qd4+ 29. Rxd4+ exd4 30. Nxa8 Bxf5
31. Qh4 d3 32. Qd4+ Bd6 33. g6 Re2+ 34. Kf3 Be4+ 35. Qxe4 Rxe4 36. Kxe4 Ke7 37. Kxd3 Bxh2 38. Ke4 Kf6 39. Kd5 Kxg6 40. Ke6 Kg7
41. Kd7 Bd6 42. b5 Kf7 43. Nxc7 Bc5 44. Kc8 a6= 45. Nxa6 bxa6 46. bxa6 Ke7= 47. Kb7 Kd7 48. a4 Bf2= 49. a5 Be3= 50. a7 Bxa7=
51. Kxa7 Kc7 52. a6 Kc8 53. Ka8=
1/2-1/2

[Event "Fisher Memorial"]
[Site "SchemingMind.com"]
[Date "2008.02.08"]
[Round "-"]
[White "Schaakmaatje"]
[Black "Francisco Aquino"]
[Result "1-0"]
[WhiteCountry "NED"]
[BlackCountry "BRA"]
[WhiteElo "1755"]
[WhiteRD "46"]
[BlackElo "1717"]
[BlackRD "75"]
[GameID "140187"]

1. e4 e5 2. f4 Nc6 3. Nf3 exf4 4. d4 Nf6 5. Nc3 Bb4 6. Bd3 O-O 7. O-O Bxc3 8. bxc3 d5 9. exd5 Nxd5 10. Bd2 Bg4
11. h3 Bh5 12. Qc1 Re8 13. Rb1 Ne3 14. Rf2 Rb8 15. Rb5 Bxf3 16. Rxf3 Qe7 17. Rxf4 a6 18. Rc5 f5 19. Bxe3 g6 20. Bf2 Rbd8
21. Bxf5 gxf5 22. Rfxf5 Rd7 23. Qh6 Rd6 24. Qh5 b6 25. Rg5+ Kh8 26. Rcf5 Qe2 27. Rf8+
1-0

[Event "Fisher Memorial"]
[Site "SchemingMind.com"]
[Date "2008.02.05"]
[Round "-"]
[White "_keyes"]
[Black "jtrochez1"]
[Result "1-0"]
[WhiteCountry "ENG"]
[BlackCountry "HON"]
[WhiteElo "1970"]
[WhiteRD "72"]
[BlackElo "1455"]
[BlackRD "54"]
[GameID "140219"]

1. d4 d5 2. c4 e6 3. Nc3 Bb4 4. e3 Nf6 5. Ne2 c6 6. a3 Bxc3+ 7. Nxc3 O-O 8. Bd3 Re8 9. cxd5 exd5 10. Qc2 Bg4
11. O-O Bh5 12. b4 Bg6 13. Bxg6 fxg6 14. a4 Ne4 15. Nxe4 dxe4 16. Bb2 Qd5 17. Rfc1 Nd7 18. Qc4 Nb6 19. Qc3 Kf8 20. a5 Nc4
21. Qxc4 Qxc4 22. Rxc4 g5 23. Rc5 Rad8 24. Rxg5 Rd5 25. Rxd5 cxd5 26. Rc1 Kf7 27. Kf1 Ke6 28. Ke2 Kd7 29. b5 Rc8 30. Rxc8 Kxc8
31. f3 g6 32. fxe4 dxe4 33. Kd2 Kd7 34. Kc3 Kd6 35. Kc4 h6 36. Ba3+ Kd7 37. Kd5 g5 38. Kxe4 a6 39. bxa6 bxa6 40. Ke5 Kc6
41. Ke6
1-0

[Event "Fisher Memorial"]
[Site "SchemingMind.com"]
[Date "2008.02.03"]
[Round "-"]
[White "_keyes"]
[Black "z"]
[Result "1-0"]
[WhiteCountry "ENG"]
[BlackCountry "IRQ"]
[WhiteElo "1834"]
[WhiteRD "79"]
[BlackElo "1821"]
[BlackRD "56"]
[GameID "140220"]

1. d4 f5 2. Nf3 e6 3. g3 b6 4. Bg2 Bb7 5. O-O Nf6 6. c4 Be7 7. Nc3 O-O 8. b3 Ne4 9. Qc2 Nxc3 10. Qxc3 Bf6
11. Qd2 d6 12. Ba3 Re8 13. Rad1 Nd7 14. Qc2 g6 15. Bc1 Qe7 16. Bb2 e5 17. dxe5 dxe5 18. Ne1 Bxg2 19. Nxg2 g5 20. Qxf5 Nc5
21. Ne3 c6 22. Ng4 Bg7 23. f3 h5 24. Nf2 Rf8 25. Qc2 Bf6 26. b4 Ne6 27. a3 Kh8 28. Qg6 Qf7 29. Qxf7 Rxf7 30. Rd6 Rg8
31. Rxe6
1-0

[Event "Fisher Memorial"]
[Site "SchemingMind.com"]
[Date "2008.02.03"]
[Round "-"]
[White "_keyes"]
[Black "smothered mate"]
[Result "1-0"]
[WhiteCountry "ENG"]
[BlackCountry "POL"]
[WhiteElo "1819"]
[WhiteRD "82"]
[BlackElo "1947"]
[BlackRD "57"]
[GameID "140221"]

1. d4 Nf6 2. c4 c5 3. d5 Ne4 4. f3 Qa5+ 5. Nd2 Nd6 6. e4 g6 7. Qc2 Bg7 8. Bd3 Na6 9. a3 Nb4 10. axb4 Qxa1
11. bxc5 b5 12. cxd6 bxc4 13. Nxc4 Ba6 14. dxe7 Bxc4 15. Bxc4 Rc8 16. Ne2 Qa5+ 17. Kd1 Qc5 18. b3 Qxe7 19. Bb2 Bxb2 20. Qxb2 O-O
21. Nc1 a5 22. Nd3 a4 23. Re1 a3 24. Qa2 Ra8 25. g3 Qf6 26. Ke2 Qd4 27. Qa1 Qb6 28. Ne5 Qb7 29. Ng4 f6 30. Nxf6+ Kf7
31. d6+
1-0

[Event "Fisher Memorial"]
[Site "SchemingMind.com"]
[Date "2008.02.08"]
[Round "-"]
[White "_keyes"]
[Black "Schaakmaatje"]
[Result "1-0"]
[WhiteCountry "ENG"]
[BlackCountry "NED"]
[WhiteElo "1819"]
[WhiteRD "82"]
[BlackElo "1746"]
[BlackRD "45"]
[GameID "140222"]

1. d4 d5 2. c4 e5 3. e3 Nf6 4. dxe5 Ne4 5. cxd5 Bb4+ 6. Bd2 Bxd2+ 7. Nxd2 Qxd5 8. Qa4+ Nc6 9. Qxe4 Qxe5 10. Qxe5+ Nxe5
11. Ngf3 Nxf3+ 12. Nxf3
1-0

[Event "Fisher Memorial"]
[Site "SchemingMind.com"]
[Date "2008.02.04"]
[Round "-"]
[White "_keyes"]
[Black "Francisco Aquino"]
[Result "1-0"]
[WhiteCountry "ENG"]
[BlackCountry "BRA"]
[WhiteElo "1858"]
[WhiteRD "80"]
[BlackElo "1727"]
[BlackRD "75"]
[GameID "140223"]

1. d4 Nf6 2. c4 d5 3. cxd5 Nxd5 4. e4 Nf6 5. Bd3 Nc6 6. Ne2 Bg4 7. f3 Bd7 8. O-O e5 9. d5 Bc5+ 10. Kh1 Nd4
11. Bd2 O-O 12. Nxd4 Bxd4 13. Bc3 c5 14. Bxd4 cxd4 15. Nd2 a6 16. Nc4 Bb5 17. Nxe5 Bxd3 18. Qxd3 Qb6 19. Rab1 Rfe8 20. Nc4 Qc5
21. b4 Qa7 22. Rfd1 b5 23. Nd6 Red8 24. Nf5 Rac8 25. Qxd4 Qxd4 26. Nxd4 Rd7 27. Rbc1 Rxc1 28. Rxc1 h6 29. Rc8+ Kh7 30. Rc6 Ra7
31. Nb3 Nd7 32. Nc5 Nb8 33. Rc8 Nd7 34. Nxd7 Rxd7 35. Rc6 Ra7 36. d6 Kg8 37. Rc8+ Kh7 38. Rc7
1-0

[Event "Fisher Memorial"]
[Site "SchemingMind.com"]
[Date "2008.02.05"]
[Round "-"]
[White "jtrochez1"]
[Black "_keyes"]
[Result "0-1"]
[WhiteCountry "HON"]
[BlackCountry "ENG"]
[WhiteElo "1455"]
[WhiteRD "54"]
[BlackElo "1970"]
[BlackRD "72"]
[GameID "140224"]

1. e4 c5 2. Nf3 d6 3. d4 cxd4 4. Nxd4 Nf6 5. Nc3 a6 6. Be3 e5 7. Nb3 Be7 8. Be2 Be6 9. h3 Nbd7 10. O-O O-O
11. Nd5 Bxd5 12. exd5 b5 13. Nd2 Nxd5 14. Bf3 Nxe3 15. fxe3 Rb8 16. a3 Qb6 17. Qe2 Bg5 18. Kh1 Bxe3 19. Rfd1 Nf6 20. Ne4 Nxe4
21. Bxe4 Bf4 22. Rd3 g6 23. Rad1 Rfd8 24. b4 Bh6 25. Bd5 Rbc8 26. Bb3 Rc7 27. Rf1 Qb7 28. Bd5 Qa7 29. c3 Kh8 30. Qf2 Qxf2
31. Rxf2 f5 32. Bb3 e4 33. Rd1 Rxc3 34. Rb2 Bg7 35. Rbb1 e3 36. Re1 d5 37. a4 d4 38. a5 f4 39. Be6 d3 40. Bb3 d2
41. Bd1 dxe1=Q+
0-1

[Event "Fisher Memorial"]
[Site "SchemingMind.com"]
[Date "2008.02.03"]
[Round "-"]
[White "z"]
[Black "_keyes"]
[Result "0-1"]
[WhiteCountry "IRQ"]
[BlackCountry "ENG"]
[WhiteElo "1821"]
[WhiteRD "56"]
[BlackElo "1834"]
[BlackRD "79"]
[GameID "140225"]

1. e4 c5 2. Nf3 d6 3. d4 cxd4 4. Nxd4 Nf6 5. Nc3 a6 6. Be2 e5 7. Nb3 Be7 8. O-O Be6 9. Be3 O-O 10. Qd2 Nbd7
11. Rfd1 Rc8 12. f3 b5 13. Rac1 Nb6 14. Qe1 Bc4 15. Qf2 Rb8 16. Na5 Qc7 17. b3 Bxe2 18. Nxe2 Nbd7 19. b4 d5 20. exd5 Bxb4
21. Nb3 Ba3 22. c4 Bxc1 23. Rxc1 bxc4 24. Nd2 Nxd5 25. Nxc4 Nxe3 26. Qxe3 Rfe8 27. Qg5 h6 28. Qf5 Qc5+ 29. Kf1 Nf6 30. f4 Qe7
31. Nxe5 Nd5 32. Nc6 Qxe2+
0-1

[Event "Fisher Memorial"]
[Site "SchemingMind.com"]
[Date "2008.02.03"]
[Round "-"]
[White "smothered mate"]
[Black "_keyes"]
[Result "1-0"]
[WhiteCountry "POL"]
[BlackCountry "ENG"]
[WhiteElo "1964"]
[WhiteRD "53"]
[BlackElo "1834"]
[BlackRD "79"]
[GameID "140226"]

1. e4 c5 2. c3 d5 3. exd5 Qxd5 4. Nf3 Nf6 5. d4 cxd4 6. cxd4 e6 7. Nc3 Bb4 8. Be2 O-O 9. O-O Qd8 10. Bg5 h6
11. Bh4 Be7 12. Ne5 Nbd7 13. Qc2 Qc7 14. Bg3 Nxe5 15. dxe5 Nd7 16. Qe4 Nc5 17. Qe3 a6 18. Rac1 Qb8 19. b4 Nd7 20. Bd3 Bg5
21. f4 Bd8 22. Kh1 b5 23. f5 Bg5 24. Qe4 Bb7 25. Qg4 exf5 26. Qxf5 g6 27. Qxd7 Qa7 28. e6 Rad8 29. exf7+ Kh7 30. Bxg6+ Kxg6
31. Qf5+ Kh5 32. Ne2 Bxg2+ 33. Kxg2 Rd2 34. Rce1 Qe3 35. Qf3+ Qxf3+ 36. Rxf3 Rxa2 37. Bd6
1-0